000 00666nam a2200253Ia 4500
003 OSt
005 20220918182549.0
006 a|||||r|||| 00| 0
007 ta
008 220917b |||||||| |||| 00| 0 eng d
024 _a33,046
037 _cTextual
040 _aARTS
_cARTS
_beng
041 _2eng
_aeng
082 _aO111,1NMAx, L1
100 _aMajumdar Rupendra Guha
_960537
245 0 _aBlunderbuss
260 _aCalcutta
_bP Lal India
_c1971
300 _a53p.
_ccm.
490 _aWriters workshop
650 _aENGLISH LITERATURE
942 _hO111,1NMAx, L1
_cTEXL
_2CC
999 _c169396
_d169396